LEADER 01169nam a2200289 a 4500 001 000000145188 003 CaOOAMICUS 005 20150723101345.0 008 150723s1969 it u000 u ita r 040 $aPUL$bita 041 1 $aita$hdut 100 1 $aHeuschen, J.$0(OLS)http://pul/name/93017 240 10$aBijbel over Hemelvaart.$lItaliano.$0(OLS)http://pul/title/183606 245 12$aL'Ascensione nella Bibbia /$cJ. Heuschen. 260 $aBari :$bEd. Paoline,$c©1969. 300 $a126 p. ;$c18 cm 490 1 $aLa bibbia e i problemi dell'uomo d'oggi ;$v16 504 $aBibliografia in nota. 630 04$aBiblia$xCritica e interpretazione.$0(OLS)http://pul/subject/2023 650 4$aFeste religiose.$0(OLS)http://pul/subject/16889 830 3$aLa bibbia e i problemi dell'uomo d'oggi ;$v16.$0(OLS)http://pul/title/42444 850 $aPUL 852 $aPUL$W1$xDP1 Fondo S. Lanza$y121$m3 L 4.16$j167847$qFondi$B168406$CPULBib$Z2$F168406 $HLan2007 $82 941 1 $a1 996 $6245$aL'Ascensione nella Bibbia$9(OLS)http://pul/title/183607 996 $6260$aBari :$bEd. Paoline$9(OLS)http://pul/publisher/60696 LEADER 01124nam a2200289 a 4500 001 000000167524 003 CaOOAMICUS 005 20180507110904.0 008 180507s1992 fr u000 u fre r 020 $a2865632776* 032 $aLibriCat 040 $aPUL$bita 100 1 $aBouazis, Charles.$0(OLS)http://pul/name/107971 245 10$aCe que Proust savait du symptôme /$cCharles Bouazis. 260 $aParis :$bMéridiens-Klincksieck,$c1992. 300 $a323 p. ;$c23 cm. 490 1 $aSemiotique 504 $aContiene riferimenti bibliografici ed indici. 600 14$aProust, Marcel,$d1871-1922.$0(OLS)http://pul/subject/39899 830 0$aSemiotique.$0(OLS)http://pul/title/207600 850 $aPUL 852 $aPUL$W1$xDP1 Fondo Dalla Palma$y117$m2 E 26$j157348$qFondi$B195170$CPULBib$Z2$F195170 $HDal376 $81 941 1 $a1 996 $6020$a2865632776*$9(OLS)http://pul/number/163944 996 $6245$aCe que Proust savait du symptôme$9(OLS)http://pul/title/207599 996 $6260$aParis :$bMéridiens-Klincksieck$9(OLS)http://pul/publisher/86738